Les 5 Capitales les plus proches d'Abou Dabi - Statistiques

Statistiques générales
  • Ce quiz a été pris 38 fois
  • Le résultat moyen est 4 sur 5
Statistiques - réponses
Réponse % Correct
Riyad
100%
Doha
95%
Koweït
92%
Mascate
89%
Manama
73%
Aucun quiz correspondant
Distribution des résultats
% des personnes avec chaque résultat
Percentile par nombre de réponses
Votre historique - résultats
Vous n’avez pas pris ce quiz